| 000 | 01135cam a2200313 a 4500 | ||
|---|---|---|---|
| 001 | 14377260 | ||
| 005 | 20170105102851.0 | ||
| 008 | 060515s2006 enkab 000 0 eng d | ||
| 010 | _a 2006276402 | ||
| 020 | _a1857433475 | ||
| 035 | _a(OCoLC)ocm65611795 | ||
| 040 |
_aHUA _cHUA _dDLC |
||
| 042 | _alccopycat | ||
| 050 | 0 | 0 |
_aHV6431 _b.P643 2006 |
| 082 | 0 | 0 |
_a363.325 _222 |
| 245 | 0 | 4 |
_aThe politics of terrorism : _ba survey / _cedited by Andrew T.H. Tan. |
| 250 | _a1st ed. | ||
| 260 |
_aLondon ; _aNew York : _bRoutledge _c2006. |
||
| 300 |
_axiii, 268 p. : _bill., maps ; _c24 cm. |
||
| 504 | _aIncludes bibliographical references (p. 249-268) | ||
| 650 | 0 | _aTerrorism. | |
| 650 | 0 |
_aTerrorism _xReligious aspects. |
|
| 700 | 1 |
_aTan, Andrew T. H. _q(Andrew Tian Huat) |
|
| 856 | 4 | 1 |
_3Table of contents only _uhttp://www.loc.gov/catdir/toc/fy0609/2006276402.html |
| 856 | 4 | 2 |
_3Publisher description _uhttp://www.loc.gov/catdir/enhancements/fy0703/2006276402-d.html |
| 906 |
_a7 _bcbc _ccopycat _d2 _encip _f20 _gy-gencatlg |
||
| 942 |
_2ddc _cBK |
||
| 999 |
_c14259 _d14259 |
||